000 00483nam a2200181Ia 4500
003 GCL
008 140319s9999 xx 000 0 ara d
040 _aGCL /
_cGCL
082 0 4 _a813.01
_bس ا
100 1 _aسلوى بكر
245 1 0 _aايقاعات متعاكسة /
_cسلوى بكر
300 _a162 ص
490 _a
650 0 4 _aالادب العربى
650 0 4 _aالقصص العربية
650 0 4 _aالقصص العربية القصيرة
942 _2ddc
_cBK
999 _c41697
_d41697